Normal view
MARC view
- Royal Institution of Chartered Surveyors
Entry Corporate Name
001 - CONTROL NUMBER
- control field: 5213
003 - CONTROL NUMBER IDENTIFIER
- control field: SIRSI
005 - DATE AND TIME OF LATEST TRANSACTION
- control field: 20190806150241.0
008 - FIXED-LENGTH DATA ELEMENTS
- fixed length control field: 070604n| acannaabn |n ana d
040 ## - CATALOGING SOURCE
- Original cataloging agency: OSt
- Transcribing agency: OSt
110 2# - HEADING--CORPORATE NAME
- Corporate name or jurisdiction name as entry element: Royal Institution of Chartered Surveyors
- Subordinate unit: Ghana Branch
670 ## - SOURCE DATA FOUND
- Source citation: The Surveyor, 1968-1969